Basic electronics for tomorrow's world (Record no. 1507)

MARC details
000 -LEADER
fixed length control field 00453nam a2200157Ia 4500
008 - FIXED-LENGTH DATA ELEMENTS--GENERAL INFORMATION
fixed length control field 230312s9999||||xx |||||||||||||| ||und||
020 ## - INTERNATIONAL STANDARD BOOK NUMBER
International Standard Book Number 0521586879
082 ## - DEWEY DECIMAL CLASSIFICATION NUMBER
Classification number 621.3
Item number TON-B
100 ## - MAIN ENTRY--PERSONAL NAME
Personal name Jones, len
245 #0 - TITLE STATEMENT
Title Basic electronics for tomorrow's world
260 ## - PUBLICATION, DISTRIBUTION, ETC.
Name of publisher, distributor, etc. Cambridge
Place of publication, distribution, etc. India
Date of publication, distribution, etc. 1996
300 ## - PHYSICAL DESCRIPTION
Extent 253
546 ## - LANGUAGE NOTE
Language note Eng.
650 ## - SUBJECT ADDED ENTRY--TOPICAL TERM
Topical term or geographic name entry element Engineering
Form subdivision Safty and moins electricity, Tools materials and components, Measuring instrumen
942 ## - ADDED ENTRY ELEMENTS (KOHA)
Koha item type BOOK
Holdings
Withdrawn status Lost status Source of classification or shelving scheme Damaged status Not for loan Home library Current library Date acquired Total Checkouts Full call number Barcode Date last seen Price effective from Koha item type
    Dewey Decimal Classification     Superior Information Resource Center (SIRC) Superior University- Main Campus Superior Information Resource Center (SIRC) Superior University- Main Campus 03/13/2023   621.3 TON-B 1517 03/13/2023 03/13/2023 BOOK

Powered by Koha